000 00445nam a2200181Ia 4500
003 GCL
008 140319s9999 xx 000 0 eng d
040 _aGCL /
_cGCL
082 0 4 _a005.3
_bJ U
100 1 _aCHILDS, MELODY
245 1 0 _aMSING GOPHER /
_cCHILDS, MELODY
700 1 _aJOHNSON, KRITH
700 1 _aBACRYAVSKR, PHILIP
260 _a[S.N] :
_bQUE CORPORATION ،
_c1995
300 _a302
650 0 4 _aCOMPUTER
942 _2ddc
_cBK
999 _c11044
_d11044